Handbook of radio and TV broadcasting : (Record no. 60637)
[ view plain ]
| 000 -LEADER | |
|---|---|
| fixed length control field | 00923nam a2200253 a 4500 |
| 001 - CONTROL NUMBER | |
| control field | 60637 |
| 003 - CONTROL NUMBER IDENTIFIER | |
| rucl marc code | BD-RjUL |
| 005 - DATE AND TIME OF LATEST TRANSACTION | |
| control field | 20211209080850.0 |
| 008 - FIXED-LENGTH DATA ELEMENTS--GENERAL INFORMATION | |
| fixed length control field | 170102s1981 nyua b 001 0 eng |
| 020 ## - INTERNATIONAL STANDARD BOOK NUMBER | |
| International Standard Book Number | 0442224176 |
| 035 ## - SYSTEM CONTROL NUMBER | |
| System control number | (BD-RjUL)60761 |
| 040 ## - CATALOGING SOURCE | |
| Original cataloging agency | DLC |
| Transcribing agency | DLC |
| Modifying agency | DLC |
| -- | BD-RjUL |
| Language of cataloging | eng |
| 041 ## - LANGUAGE CODE | |
| Language code of text/sound track or separate title | eng |
| 082 00 - DEWEY DECIMAL CLASSIFICATION NUMBER | |
| Classification number | 384.544072 |
| Edition number | 23 |
| Author mark and year | HAN 1981 |
| 245 00 - TITLE STATEMENT | |
| Title | Handbook of radio and TV broadcasting : |
| Remainder of title | research procedures in audience, program, and revenues / |
| Statement of responsibility, etc. | edited by James E. Fletcher. |
| 260 ## - PUBLICATION, DISTRIBUTION, ETC. (IMPRINT) | |
| Place of publication, distribution, etc. | New York : |
| Name of publisher, distributor, etc. | Van Nostrand Reinhold, |
| Date of publication, distribution, etc. | c1981. |
| 300 ## - PHYSICAL DESCRIPTION | |
| Pagination | viii, 336 p. : |
| Illustrations | ill. ; |
| Size | 29 cm. |
| 500 ## - GENERAL NOTE | |
| General note | Includes index. |
| 650 #0 - SUBJECT ADDED ENTRY--TOPICAL TERM | |
| Topical term or geographic name as entry element | Broadcasting |
| General subdivision | Research |
| -- | Handbooks, manuals, etc. |
| 9 (RLIN) | 180632 |
| Topical term or geographic name as entry element | Radio audiences |
| General subdivision | Research |
| -- | Handbooks, manuals, etc. |
| 9 (RLIN) | 180633 |
| Topical term or geographic name as entry element | Television viewers |
| General subdivision | Research |
| -- | Handbooks, manuals, etc. |
| 9 (RLIN) | 180634 |
| 700 1# - ADDED ENTRY--PERSONAL NAME | |
| Personal name | Fletcher, James E., |
| Dates associated with a name | 1935- |
| 942 ## - ADDED ENTRY ELEMENTS (KOHA) | |
| Source of classification or shelving scheme | Dewey Decimal Classification |
| Koha item type | Books |
| Lost status | Source of classification or shelving scheme | Damaged status | Not for loan | Collection code | Permanent Location | Current Location | Shelving location | Date acquired | Source of acquisition | Total Checkouts | Full call number | Date last seen | Copy number | Koha item type |
|---|---|---|---|---|---|---|---|---|---|---|---|---|---|---|
| Dewey Decimal Classification | Not For Loan | Non-fiction | Central Library, University of Rajshahi | Central Library, University of Rajshahi | Reading Room | 11/09/1989 | Gift | 384.544072 HAN 1981 | 02/01/2017 | C-1 | Books |